000 00905cam2a220024100 4500
001 lce00558869
008 850712s1962 ilua 000 0 eng
010 _a 61017012 /L/r85
035 _a(Sirsi) r65633
035 _a(DLC) 61017012 /L/r85
035 _a(UPRA)lce00558869
040 _aDLC/ICU
_cICU
_dUPRA
050 0 _aQP356
_b.E44 1962
082 0 _a612.8
245 0 0 _aNeurochemistry ; the chemistry of brain and nerve /
_cedited by K.A.C. Elliott, Irvine H. Page [and] J.H. Quastel.
250 _a2nd ed.
260 _aSpringfield, IL :
_bThomas,
_c[1962]
504 _aIncludes bibliographies.
650 0 _aNeurochemistry.
_6S10513.1
700 1 _aElliott, K. A. C. (Kenneth Allan Caldwell), 1903-
_qElliott, K. A. C. (Kenneth Allan Caldwell), 1903-
_dElliott, K. A. C. (Kenneth Allan Caldwell), 1903-
_6A25816.1
949 _aQP356
_wlcc
_i-87723
_mMAIN
_tBOOK
_lON-SHELF
004 65633
999 _c180720
_d180720